IoT zariadenie na automatizáciu ovládania a sledovanie skleníka bakalárska práca

Na minha lista:
Detalhes bibliográficos
Autor principal: Šrobár, Tadeáš
Autor Corporativo: Fakulta hospodárskej informatiky EU. Katedra aplikovanej informatiky
Outros Autores: Procházka, Peter, 1968-
Formato: Livro
Idioma:eslovaco
Publicado em: Bratislava 2023
Tags: Adicionar Tag
Sem tags, seja o primeiro a adicionar uma tag!

MARC

LEADER 00000nbm a2200000 4500
001 0294994
005 20240223132349.3
041 0 |a slo 
044 |a SK 
245 1 0 |a IoT zariadenie na automatizáciu ovládania a sledovanie skleníka  |b bakalárska práca  |c Tadeáš Šrobár ; školiteľ: Peter Procházka 
264 1 |a Bratislava  |c 2023 
300 |a 53 s. 
100 1 |a Šrobár, Tadeáš 
700 1 |a Procházka, Peter, 1968- 
710 2 |a Fakulta hospodárskej informatiky EU. Katedra aplikovanej informatiky